Model spoločného základu dane nadnárodných korporácií v EÚ

Modely harmonizácie korporatívnych daní v EÚ. Koncept spoločného konsolidovaného daňového základu korporácií (CCCTB) - jeho podstata, na ktoré spoločnosti sa vzťahuje. Súčasný stav zavádzania spoločného základu dane v EÚ.

Na minha lista:
Detalhes bibliográficos
Autor principal: Lénártová, Gizela
Formato: Capítulo de Livro
Idioma:eslovaco
Assuntos:
Tags: Adicionar Tag
Sem tags, seja o primeiro a adicionar uma tag!

MARC

LEADER 00000nla a2200000 4500
001 0226490
005 20240502073726.8
041 0 |a slo 
044 |a SK 
245 1 0 |a Model spoločného základu dane nadnárodných korporácií v EÚ  |c Gizela Lénártová 
520 |a Modely harmonizácie korporatívnych daní v EÚ. Koncept spoločného konsolidovaného daňového základu korporácií (CCCTB) - jeho podstata, na ktoré spoločnosti sa vzťahuje. Súčasný stav zavádzania spoločného základu dane v EÚ. 
610 2 0 |a dane 
610 2 0 |a dane korporatívne 
610 2 0 |a základ dane 
610 2 0 |a harmonizácia 
610 2 0 |a úpravy právne 
610 2 0 |a smernice 
610 2 0 |a Európska únia 
100 1 |a Lénártová, Gizela